00693nam a22001817a 4500003000500000038002200005082000800027100002600035245012100061264003100182300002000213650005400233700004900287856005800336942001200394999001900406952008600425NUST aZafar Iqbal Malik a200 aHassan, Sadia9121946 aBifunctional and Synergic Surface Modification of Biomedical Implants for Improved Biocompatibility/cSadia Hassan,  aIslamabadbSMME NUSTc2023 a219, p.c35 cm. aPhD- Biomedical Engineering and Sciences 9123333 aSupervisor: Dr. Murtaza Najabat Ali9119580 u http://10.250.8.41:8080/xmlui/handle/123456789/43911 2ddccSC c612729d612729 00104070aCLbCLcTHEd2025-01-20l0o200pCLPT-688r2025-01-20w2025-01-20ySC